EA FC26 All Gold Scotland Players - Statistics

General Stats
  • This quiz has been taken 37 times
  • The average score is 7 of 10
Answer Stats
Rate Club Answer % Correct
82 Liverpool Andy Robertson
97%
81 Aston Villa John McGinn
97%
85 Napoli Scott McTominay
97%
78 Bologna Lewis Ferguson
72%
79 Bournemouth Ryan Christie
66%
77 Torino Che Adams
62%
77 Celtic Kieran Tierney
62%
79 Celtic Callum McGregor
45%
75 Zagreb Scott McKenna
38%
78 Vancouver Whitecaps Ryan Gauld
34%
No matching quizzes found
Score Distribution
Percent of People with Each Score
Percentile by Number Answered
Your Score History
You have not taken this quiz